Velázquez (Registro nro. 84399)

Detalles MARC
000 -ENCABEZADO
Número de control [NR] 01076nam a22002417a 4500
008 - DE LONGITUD FIJA DE DATOS DE ELEMENTOS - INFORMACIÓN GENERAL
Elementos de longitud fija [NR] 130821s1946 sp gr dspa
040 ## - FUENTE DE CATALOGACION [NR]
Agencia de catalogación original [NR] Co-BoUCM
Idioma de catalogación [NR] spa
041 00 - CODIGO DE IDIOMA [R]
Código de idioma para texto/pista de sonido o título separado [R] Español
092 ## - SIGNATURA TOPOGRAFICA LOCAL
Número de clasificación local FM 000514
100 ## - ASIENTO PRINCIPAL--NOMBRE PERSONAL [NR]
Nombre personal [NR] Benet, Rafael
ID Autoridad 148421
245 00 - MENCION DE TITULO [NR]
Título [NR] Velázquez
Parte restante del título [NR] la actualidad de Velázquez : ensayo biográfico y crítico, con sesenta y cuatro ilustraciones fuera de texto
Mención de responsabilidad, etc. [NR] Rafael Benet
260 ## - PUBLICACION, DISTRIBUCION, ETC. (PIE DE IMPRENTA) [R]
Lugar de publicación, distribución, etc. [R] Barcelona (España)
Nombre del editor, distribuidor, etc. [R] Iberia
Fecha de publicación, distribución, etc. [R] 1946
300 ## - DESCRIPCION FISICA [R]
Extensión [R] 166 páginas
500 ## - NOTA GENERAL [R]
Nota general [NR] Incluye bibliografía e índice. -- Este libro se encuentra en el depósito de la biblioteca
600 ## - ASIENTO SECUNDARIO DE MATERIA - NOMBRE PERSONAL [R]
Nombre personal [NR] Velásquez, Diego Rodríguez de Silva y
Fechas asociadas con el nombre [NR] 1599-1660
9 (RLIN) 118063
600 ## - ASIENTO SECUNDARIO DE MATERIA - NOMBRE PERSONAL [R]
Nombre personal [NR] Velásquez, Diego Rodríguez de Silva y
Fechas asociadas con el nombre [NR] 1599-1660
Subdivisión de forma [R] Biografías
9 (RLIN) 148422
600 ## - ASIENTO SECUNDARIO DE MATERIA - NOMBRE PERSONAL [R]
Nombre personal [NR] Velásquez, Diego Rodríguez de Silva y
Fechas asociadas con el nombre [NR] 1599-1660
Subdivisión general [R] Crítica e interpretación, etc.
9 (RLIN) 148423
600 ## - ASIENTO SECUNDARIO DE MATERIA - NOMBRE PERSONAL [R]
Nombre personal [NR] Velásquez, Diego Rodríguez de Silva y
Fechas asociadas con el nombre [NR] 1599-1660
Subdivisión general [R] Trabajos pictóricos
9 (RLIN) 148424
650 04 - ASIENTO SECUNDARIO DE MATERIA - TERMINO TEMATICO [R]
Término temático o nombre geográfico como elemento de entrada [NR] Biografías
9 (RLIN) 7343
650 04 - ASIENTO SECUNDARIO DE MATERIA - TERMINO TEMATICO [R]
Término temático o nombre geográfico como elemento de entrada [NR] Pintores españoles
9 (RLIN) 21510
650 04 - ASIENTO SECUNDARIO DE MATERIA - TERMINO TEMATICO [R]
Término temático o nombre geográfico como elemento de entrada [NR] Pinturas
9 (RLIN) 21575
942 ## - ELEMENTOS DE ENTRADA AGREGADOS (KOHA)
Tipo de ítem principal el descrito en 300a Libro
Tema principal [No clasificado]
Edición 1
Título oculto en OPAC No
Existencias
Signatura topográfica Código de barras Última vez visto Volúmen / Fascículo Ejemplar Price effective from Tipo de ítem Perdido Sistema de clasificación Dañado No prestable Tipo de ítem específico Suprimido Ubicación habitual Ubicación actual Localización Fecha de creación Forma de adquisición Costo
~ 120056542 29/06/2012 FM 000514 Ej.1 03/02/2013 Libro   LOCAL     Fondos especiales     Archivo Histórico Archivo histórico 28/02/2003 Donación 10000.00